000 00664nam a2200253Ia 4500
003 OSt
005 20221006145010.0
006 a|||||r|||| 00| 0
007 ta
008 221006b |||||||| |||| 00| 0 eng d
020 _c76.00
024 _a13,458
037 _cTextual
040 _aEASL
_cEASL
_beng
041 _2eng
_aeng
082 _aV44:191.95.N80, M2
100 _aNAMBOODIRI PKS
_9438796
245 0 _aIntervention in the Indian ocean
260 _aNew Delhi
_bABS Pub.
_c1982
300 _a361p.
_ccm.
490 _v Oth
942 _hV44:191.95.N80, M2
_cTEXL
_2CC
999 _c1081544
_d1081544